| 000 | 00954nam a2200277 a 4500 | ||
|---|---|---|---|
| 001 | 5968 | ||
| 003 | BD RJUL | ||
| 005 | 20211208234149.0 | ||
| 008 | 080114s1930 enkj b 001 0 eng d | ||
| 035 | _a BD RJUL 6007 | ||
| 040 |
_aOKU _cOKU _dTJC _d BD RJUL _beng |
||
| 041 | _aeng | ||
| 082 |
_a937.07 _bRUL 1930 |
||
| 100 | 1 |
_aRushforth, G. McN. _q(Gordon McNeil), _d1862-1938. _918766 |
|
| 245 | 1 | 0 |
_aLatin historical inscriptions, _billustrating the history of the early empire / _cby G. McN. Rushforth |
| 250 | _a2nd ed. | ||
| 260 |
_aLondon : _bOxford University Press, H. Milford, _c1930. |
||
| 300 |
_axxx, [2], 144 p. : _bfold. geneol. table. ; _c23 cm. |
||
| 500 | _a"Impression of 1930. First edition 1893." | ||
| 500 | _aIncludes indexes. | ||
| 504 | _a"Bibliography": p. [xxxi-xxxii] | ||
| 650 | 0 |
_aInscriptions, Latin. _918767 |
|
| 651 | 0 |
_aRome _xHistory _yEmpire, 30 B.C.-284 A.D. _918768 |
|
| 942 |
_2ddc _cBK |
||
| 999 |
_c5968 _d5968 |
||